New venture creation: Enterpreneurship in the 1990s. (Record no. 20361)

MARC details
000 -LEADER
fixed length control field 00561nam a22001937a 4500
003 - CONTROL NUMBER IDENTIFIER
control field OSt
005 - DATE AND TIME OF LATEST TRANSACTION
control field 20250812121636.0
008 - FIXED-LENGTH DATA ELEMENTS--GENERAL INFORMATION
fixed length control field 250812b |||||||| |||| 00| 0 eng d
020 ## - INTERNATIONAL STANDARD BOOK NUMBER
International Standard Book Number 0256078793
040 ## - CATALOGING SOURCE
Transcribing agency Chuka University Library.
050 ## - LIBRARY OF CONGRESS CALL NUMBER
Classification number HD 62.5 .T55 1990
100 ## - MAIN ENTRY--PERSONAL NAME
Personal name Timmons, Jeffrey
9 (RLIN) 21235
245 ## - TITLE STATEMENT
Title New venture creation: Enterpreneurship in the 1990s.
250 ## - EDITION STATEMENT
Edition statement 3rd ed
260 ## - PUBLICATION, DISTRIBUTION, ETC.
Place of publication, distribution, etc. Boston, USA
Name of publisher, distributor, etc. Home wood, IL
Date of publication, distribution, etc. 1990
300 ## - PHYSICAL DESCRIPTION
Extent 677p
650 ## - SUBJECT ADDED ENTRY--TOPICAL TERM
Topical term or geographic name entry element 1. New business enterprises--handbooks, manuals etc.
9 (RLIN) 21236
942 ## - ADDED ENTRY ELEMENTS (KOHA)
Source of classification or shelving scheme Library of Congress Classification
Koha item type Long Loan Books
Suppress in OPAC No
Holdings
Withdrawn status Lost status Source of classification or shelving scheme Damaged status Not for loan Collection Home library Current library Shelving location Date acquired Source of acquisition Cost, normal purchase price Total Checkouts Full call number Barcode Date last seen Price effective from Koha item type
    Library of Congress Classification     General Collection Books Main Campus Library Main Campus Library Business Studies Library 01/07/2025 Donation from books of Africa 8098.02   HD 62.5 .T55 1990 28293/2025 12/08/2025 12/08/2025 Long Loan Books

Powered by Koha